000 01063nam a2200301Ia 4500
001 23387
003 IT-RoPAU
008 130308s9999 xx 000 0 und d
040 _aIT-RoPAU
040 _cIT-RoPAU
041 _aITALIANO
100 _aAA.VV.
100 _gCodice Aut. SPICS: 12000
245 _aRaffaello Matarazzo-Materiali
245 _bRaffaello Matarazzo-Materiali
250 _a1a ed.
260 _aSAVONA
260 _bMovie Club
260 _c1976 [1° Ed.:1976 - Ed.Ling.Originale:1976]
300 _a"112 p. (prefazione: no ; testo: 112)"
500 _aBiofilmografia di Raffaello Amatarazzo Testi Crtici su Raffaello Matarazzofunzionamento e Genesi del Cinema Popolare Raffaello Matarazzo Il neorealismo Popolare e Amedeo Nazzari Matarazzo e la farsa Cinematografica Matarazzo e Il neorealismo Rosa interviste a Raffaello Matarazzo Testimonianze e Dichiarazioni su Matarazzo
650 _aAUTORI/OPERE DEL CINEMA
650 _eCodice materia Spics: 6807
942 _cBK
957 _71
999 _c71819
_d71819
999 _bSI
999 _g1